Verbe irrégulier Anglais #4 - Statistiques

Statistiques générales
  • Ce quiz a été pris 1 196 fois
    1 123 depuis la dernière actualisation
  • Le résultat moyen est 40 sur 60
Statistiques - réponses
Hint Réponse % Correct
Lire Read
98%
Lire Read
97%
Lire Read
97%
Courir Run
95%
Voir See
94%
Courir Ran
93%
Courir Run
92%
Voir Saw
91%
Dire Say
89%
Envoyer Send
88%
Chanter Sing
88%
Dormir Sleep
88%
Dire Said
86%
Dire Said
86%
Chanter Sang
86%
Voir Seen
85%
Vendre Sell
84%
Envoyer Sent
84%
Envoyer Sent
84%
Dormir Slept
84%
Dormir Slept
84%
Chanter Sung
81%
Sonner Ring
80%
S’asseoir / être assis Sit
80%
Sonner Rang
79%
Sonner Rung
76%
Aller (à cheval, à vélo) Ride
75%
Briller Shine
74%
S’asseoir / être assis Sat
73%
Tirer (avec une arme,au but) Shoot
73%
Aller (à cheval, à vélo) Ridden
72%
Aller (à cheval, à vélo) Rode
72%
S’asseoir / être assis Sat
72%
Montrer Show
71%
Vendre Sold
71%
Vendre Sold
71%
Tirer (avec une arme,au but) Shot
70%
Tirer (avec une arme,au but) Shot
70%
Secouer Shake
62%
Montrer Shown
58%
Secouer Shaken
55%
Briller Shone
54%
Briller Shone
51%
Fermer Shut
49%
Fermer Shut
48%
Fermer Shut
48%
S’élever / monter Rise
45%
S’élever / monter Risen
45%
S’élever / monter Rose
45%
Secouer Shook
45%
Montrer Showed
41%
Couler (navire) Sank
38%
Couler (navire) Sink
38%
Couler (navire) Sunk
38%
Poser / placer Set
28%
Poser / placer Set
27%
Poser / placer Set
27%
Rétrécir / diminuer Shrink
23%
Rétrécir / diminuer Shrank
22%
Rétrécir / diminuer Shrunk
22%
Aucun quiz correspondant
Distribution des résultats
% des personnes avec chaque résultat
Percentile par nombre de réponses
Votre historique - résultats
Vous n’avez pas pris ce quiz depuis la dernière actualisation